India's disturbing health card (Record no. 76756)

000 -LEADER
fixed length control field 00800pab a2200181 454500
008 - FIXED-LENGTH DATA ELEMENTS--GENERAL INFORMATION
fixed length control field 180718b2007 xxu||||| |||| 00| 0 eng d
100 ## - MAIN ENTRY--PERSONAL NAME
Personal name Bose, Ashish
245 ## - TITLE STATEMENT
Title India's disturbing health card
260 ## - PUBLICATION, DISTRIBUTION, ETC.
Date of publication, distribution, etc. 2007
300 ## - PHYSICAL DESCRIPTION
Extent p.10-13.
362 ## - DATES OF PUBLICATION AND/OR SEQUENTIAL DESIGNATION
Dates of publication and/or sequential designation 15 Dec
520 ## - SUMMARY, ETC.
Summary, etc. The National Family Health Survey-3 data shows disturbing trends for children and women in the reproductive age, especially in the "sick" states of Bihar, Madhya Pradesh, Rajasthan and Uttar Pradesh. Significantly, Himachal Pradesh is progressive on several indicators and comparable to Kerala, while West Bengal is showing signs of joining the ailing states. - Reproduced.
650 ## - SUBJECT ADDED ENTRY--TOPICAL TERM
Topical term or geographic name entry element Health services - India
650 ## - SUBJECT ADDED ENTRY--TOPICAL TERM
Topical term or geographic name entry element Health services
773 ## - HOST ITEM ENTRY
Main entry heading Economic and Political Weekly
908 ## - PUT COMMAND PARAMETER (RLIN)
Put command parameter N
909 ## -
-- 76756
Holdings
Withdrawn status Lost status Damaged status Not for loan Permanent Location Current Location Date acquired Serial Enumeration / chronology Barcode Date last seen Price effective from Koha item type
        Indian Institute of Public Administration Indian Institute of Public Administration 2018-07-19 Volume no: 42, Issue no: 50 AR77216 2018-07-19 2018-07-19 Articles

Powered by Koha